A HISTORY OF MENTAL HEALTH NURSING (Record no. 6866)

MARC details
000 -LEADER
fixed length control field 00339nam a2200133Ia 4500
008 - FIXED-LENGTH DATA ELEMENTS--GENERAL INFORMATION
fixed length control field 150301s1993 xx 000 0 und d
082 ## - DEWEY DECIMAL CLASSIFICATION NUMBER
Classification number 610.7368
Item number H93N
100 ## - MAIN ENTRY--PERSONAL NAME
Personal name NOLAN PETER
245 #2 - TITLE STATEMENT
Title A HISTORY OF MENTAL HEALTH NURSING
260 ## - PUBLICATION, DISTRIBUTION, ETC. (IMPRINT)
Name of publisher, distributor, etc. STANLY THOMAS PUB.
Date of publication, distribution, etc. 1993
300 ## - PHYSICAL DESCRIPTION
Extent 178
650 ## - SUBJECT ADDED ENTRY--TOPICAL TERM
Topical term or geographic name as entry element MENTAL HEALTH NURSING
942 ## - ADDED ENTRY ELEMENTS (KOHA)
Source of classification or shelving scheme Dewey Decimal Classification
Koha item type Books
Holdings
Withdrawn status Lost status Source of classification or shelving scheme Damaged status Not for loan Collection code Home library Current library Shelving location Date acquired Source of acquisition Cost, normal purchase price SGTU Bill Number Total Checkouts Full call number Barcode Date last seen Bill Date Koha item type
    Dewey Decimal Classification     NURSING SGT Medical Library SGT Medical Library Text Book 02/07/2015 ABC DELHI 395.00 SGTU 5533   610.7368 H93N FN2932 02/07/2015 25/03/2015 Books